Úloha Medzinárodného menového fondu pri riešení finančných kríz: prípadová štúdia Thajska bakalárska práca

Gespeichert in:
Bibliographische Detailangaben
1. Verfasser: Pipová, Ema
Körperschaft: Fakulta medzinárodných vzťahov EU. Katedra medzinárodných ekonomických vzťahov a hospodárskej diplomacie
Weitere Verfasser: Jančíková, Eva, 1960-
Format: Buch
Sprache:Slowakisch
Veröffentlicht: Bratislava 2025
Tags: Tag hinzufügen
Keine Tags, Fügen Sie das erste Tag hinzu!

MARC

LEADER 00000nbm a2200000 4500
001 0309621
005 20260114125724.8
041 0 |a slo 
044 |a SK 
245 1 0 |a Úloha Medzinárodného menového fondu pri riešení finančných kríz: prípadová štúdia Thajska  |b bakalárska práca  |c Ema Pipová ; školiteľ: Eva Jančíková 
264 1 |a Bratislava  |c 2025 
300 |a 49 s. 
100 1 |a Pipová, Ema 
700 1 |a Jančíková, Eva, 1960- 
710 2 |a Fakulta medzinárodných vzťahov EU. Katedra medzinárodných ekonomických vzťahov a hospodárskej diplomacie